| 000 | 00673nam a2200217 a 4500 | ||
|---|---|---|---|
| 001 | 000024062 | ||
| 005 | 20240530073919.0 | ||
| 008 | 110118s2010 dr r 000 f spa d | ||
| 020 | _a9789945161847 | ||
| 040 |
_aDO-SdBNP _bspa _cBNPHU |
||
| 082 |
_aRD863.44 _bJ58e, 2010 |
||
| 100 | 1 |
_aJesús Ulerio, Luis Felipe de, _d1970- _91334 |
|
| 245 | 1 | 3 |
_aEl enigma de la cabaña / _cLuis Felipe de Jesús Ulerio. |
| 250 | _a5a ed. | ||
| 260 |
_aSanto Domingo : _bBúho, _c2010. |
||
| 300 |
_a137 p. ; _c24 cm. |
||
| 590 | _aInventariado, 2019/BT | ||
| 650 | 0 |
_aNovela dominicana _9223 |
|
| 650 | 0 |
_aLiteratura dominicana. _967 |
|
| 910 | _aValidado. Control de calidad. MMOLINA | ||
| 999 |
_c23557 _d23557 |
||